00556nam a22002057a 450000500170000001000150001702000260003203500130005803500170007103500130008803700130010103700170011408200060013110000170013724500380015426000340019227000600022630000240028650000400031020170417161322.0 aENG-108206 c350.00a9789381523957 aEN-91739 aB-536698-708 aB-667538 bDBAD/PUB bKBD/Venadpl aS aDas, Sudipto aThe ekkos clan /cby Sudipto Das  aNew DelhibNiyogi Booksc2013 aD-78, Okhla Industrial Area, Phase-1bNew Delhie110020 ax,282p. c22cm(pbk) aIncludes bibliographical references